000 00540nam a22001817a 4500
999 _c173531
_d173531
005 20200608152753.0
010 _aENG-127843
020 _a9789383554072
_c400.00
035 _aEN-111375
037 _bDBAD/PUB
082 _a920
100 _aVerma,R.M
245 _aFamous Personalities of world/
_cby R.M.Varma
260 _aNew Delhi
_bLaxmi Book House
_c2018
270 _a528/2-K/,1st floor,plot no.15 gali no.5.Vishwas Nagar Shahdara
_bDelhi
_e110032
300 _a135p.
_c23cm(hb)
942 _2ddc
_cEN
_h920
_mVAR